Normal view
MARC view
- Dr. S.L Dhingra
Entry Personal Name
001 - CONTROL NUMBER
- control field: 38562
003 - CONTROL NUMBER IDENTIFIER
- control field: NUST
005 - DATE AND TIME OF LATEST TRANSACTION
- control field: 20210314130812.0
008 - FIXED-LENGTH DATA ELEMENTS
- fixed length control field: 210314|| aca||aabn | a|a d
040 ## - CATALOGING SOURCE
- Original cataloging agency: NUST
- Transcribing agency: NUST
100 ## - HEADING--PERSONAL NAME
- Personal name: Dr. S.L Dhingra
670 ## - SOURCE DATA FOUND
- Source citation: Work cat.: (NUST): Dr. S.L Dhingra, Economic Fesibility of Higher Axle Load Limits for Indian Roads, c1986.
